| 000 | 00988cad a22002295a 4500 | ||
|---|---|---|---|
| 001 | L151368 | ||
| 008 | 101026s2010 d f s 000 0 eng u | ||
| 035 | _a(Sirsi) u151368 | ||
| 041 | 0 | _aeng | |
| 050 | _a333.33 $2 18 | ||
| 110 | 2 | _aRightmove | |
| 245 | 0 | 0 |
_aOctober sellers struggle to adjust to new market conditions _h[electronic resource] |
| 260 |
_aLondon _bRightmove _c2010 |
||
| 490 | 0 | 0 |
_aRightmove House Price Index _vOctober 2010 |
| 520 | _aAverage national asking price up by 3.1% on the September 2010 figure. Suggests that many sellers are going to be disappointed as there is evidence that high launch price damages chances of securing a later sale. | ||
| 590 | _aKA NTK | ||
| 650 | 2 | 4 | _aRIGHTMOVE HOUSE PRICE INDEX |
| 651 | 4 |
_aUnited Kingdom _y |
|
| 690 | _aPROPERTY-RESIDENTIAL PROPERTY-RESIDENTIAL PROPERTY MARKET | ||
| 856 | 4 | 0 |
_uhttps://www.rightmove.co.uk/news/files/2010/10/october-2010.pdf _zView the item free of charge at www.rightmove.co.uk |
| 942 | _n0 | ||
| 999 |
_c111317 _d111317 |
||